| 000 | 01170cam a22003614a 4500 | ||
|---|---|---|---|
| 001 | 1832 | ||
| 003 | FISKH | ||
| 005 | 20250422162317.0 | ||
| 008 | 011011s2002 nyua b b 001 0 eng | ||
| 010 | _a 2001053936 | ||
| 020 | _a0516239694 (lib. bdg.) | ||
| 020 | _a0516240315 (pbk.) | ||
| 020 | _a9780516240312 | ||
| 040 |
_aDLC _cDLC _dDLC _beng |
||
| 042 |
_apcc _alcac |
||
| 050 | 0 | 0 |
_aGV943.25 _b.E33 2002 |
| 082 | 0 | 0 |
_a796.334 _221 |
| 100 | 1 | _aEckart, Edana. | |
| 245 | 1 | 0 |
_aI can play soccer / _cby Edana Eckart. |
| 260 |
_aNew York : _bScholastic, _c2002. |
||
| 300 |
_a24 pages : _bcolor illustrations ; _c16 x 19 cm. |
||
| 490 | 1 | _aWelcome Books | |
| 505 | _aG | ||
| 520 | _aA simple introduction to soccer, describing the equipment used and how the game is played. | ||
| 521 | 8 |
_a380
_bLexile |
|
| 521 | 8 |
_aG
_bRaz-Plus |
|
| 650 | 0 |
_aSoccer _vJuvenile literature. |
|
| 650 | 1 | _aSoccer. | |
| 800 | 1 |
_aEckart, Edana. _tSports. |
|
| 906 |
_a7 _bcbc _corignew _d1 _eocip _f20 _gy-gencatlg |
||
| 942 |
_2ddc _cBK _n0 |
||
| 999 |
_c1832 _d1832 |
||